00659cam a22002054a 4500008004100000020002500041100002100066245008900087260004300176300003500219440004800254500002000302504004100322650002600363650001700389700002000406003000100426005001700427040000900444  a9780470540640 (hbk.)1 aBisgaard, Soren.10aTime series analysis and forecasting by example /cSoren Bisgaard and Murat Kulahci. aHoboken, New Jersey. :bWiley,cc2011. axiii, 366 p. :bill. ;c25 cm.0 aWiley series in probability and statistics. aIncludes index. aIncludes bibliographical references. 0aTime-series analysis. 0aForecasting.1 aKulahci, Murat.20230123122319.0 cNUST